Podnikateľský plán podniku bakalárska práca

Enregistré dans:
Détails bibliographiques
Auteur principal: Kovárová, Martina
Collectivité auteur: Fakulta podnikového manažmentu EU. Katedra podnikovohospodárska
Autres auteurs: Rybárová, Daniela, 1967-
Format: Livre
Langue:slovaque
Publié: Bratislava 2009
Tags: Ajouter un tag
Pas de tags, Soyez le premier à ajouter un tag!

MARC

LEADER 00000nam$a2200000$$$4500
001 0101982
005 20240319130222.9
041 0 |a slo 
044 |a SK 
245 1 0 |a Podnikateľský plán podniku  |b bakalárska práca  |c Martina Kovárová ; škol. Daniela Rybárová 
264 1 |a Bratislava  |c 2009 
300 |a 37 s. 
100 1 |a Kovárová, Martina 
700 1 |a Rybárová, Daniela, 1967- 
710 2 |a Fakulta podnikového manažmentu EU. Katedra podnikovohospodárska